000 00723nam a2200277Ia 4500
003 OSt
005 20221006143804.0
006 a|||||r|||| 00| 0
007 ta
008 221006b |||||||| |||| 00| 0 eng d
020 _a9789004099845
_c4008.00
024 _a9,972
037 _cTextual
040 _aEASL
_cEASL
_beng
041 _2eng
_aeng
082 _aQ4v41, N4
100 _aLIU Ming-Wood
_9650371
245 0 _aMadhyamaka thought in China
260 _aLeiden
_bE.J.Brill
_c1994
300 _a288p.
_ccm.
490 _v CEL
_aSinica Leidensia
650 _a CEL
650 _aMadhyamaka-China
_9650372
942 _hQ4v41, N4
_cTEXL
_2CC
999 _c1078058
_d1078058